000 00610ntaaa2200205 4500
003 01
005 20251027202224.0
008 0714s1973 ag 01
040 _aAR-BaBN
_bspa
_cAR-BaBN
_eaacr
_dRIC
082 _a268.0000 Sh6
100 _aShields, Elizabeth McEwen
245 _aConozcamos al preescolar
250 _a1 ed.
260 _aEl Paso :
_bCasa Bautista de Publicaciones,
_c1962
300 _a157 p
500 _aLa primere edition de este libro se titulaba "Guiando a los párvulos en la escuela dominical"
650 _apárvulos
_93768
650 _aeducación religiosa
_94601
942 _cBK
999 _c17083
_d17083